000 00744nam a2200205 4500
008 060627s1997 si 1 eng
020 _a0133683257
090 _aPE1128
_bAz1b
100 1 _aAzar, Betty Schrampfer
245 1 0 _aBasic English grammar :
_bteacher's guide /
_cBetty Schrampfer Azar, Barbara F. Matthies, Shelley Hartle.
250 _a2nd ed.
260 _aSingapore :
_bPrentice Hall,
_cc1997.
300 _axxiv, 184 p.
504 _aIncludes index.
650 4 _aEnglish language
_xGrammar
_xProblems, exercises, etc.
650 4 _aEnglish language
_xTextbooks for foreign students.
700 1 _aHartle, Shelley.
700 1 _aMatthies, Barbara F.
951 _p29548
_x00033055
_oPE1128/Az1b
_j070613111558812
_d2000-12-21
_cREF
999 _c26926
_d26926